| 000 | 00572nam a2200169Ia 4500 | ||
|---|---|---|---|
| 008 | 090711s9999 xx 000 0 und d | ||
| 082 | _b27819 | ||
| 100 | _aलाटे दिनानाथ ना. | ||
| 245 | _aनSा सुंदरी करु कोपा | ||
| 260 | _c1973 | ||
| 300 | _a220 | ||
| 600 | _aलाटे दिनानाथ ना. | ||
| 630 | _aनSा सुंदरी करु कोपा | ||
| 700 | _aलाटे दिनानाथ ना. | ||
| 730 | _aनSा सुंदरी करु कोपा | ||
| 942 | _cBOOK | ||
| 999 |
_c298791 _d298791 |
||